• 首页
  • 本馆介绍
  • 公告通知
  • 最新文献
  • 馆藏检索
  • 电子资源
  • 读者导购
  • 参考咨询
  • 我的图书馆
  • 登录
  • 详细信息显示
  • 放入我的书架
  • 预约/预借图书
  • 作者相关作品
  • 分类相关作品
  • 丛书相关作品
  • 出版社相关作品

书目信息

  • 表格格式
  • 工作单格式
  • 卡片格式
题名:
呼吸防护指南
    
 
作者: 李建华 编著
分册:  
出版信息: 北京   中国石化出版社  2021.08
页数: 138页
开本: 24cm
丛书名:
单 册:
中图分类: TH789-62 , TH789
科图分类:
主题词: 呼吸器--hu xi qi--指南
电子资源:
ISBN: 978-7-5114-6382-1
000 01102nam0 2200277 450
001 2266386395
005 20220914182704.58
010    @a978-7-5114-6382-1@dCNY48.00
100    @a20210916d2021 em y0chiy50 ea
101 0  @achi
102    @aCN@b110000
105    @aa a 000yy
200 1  @a呼吸防护指南@Ahu xi fang hu zhi nan@f李建华编著
210    @a北京@c中国石化出版社@d2021.08
215    @a138页@c图@d24cm
300    @a河北省高等学校科学技术研究项目资助 项目名称: “溶合润湿型火灾防护技术及防护装备研发”
312    @a英文题名取自封面
320    @a有书目
330    @a本书旨帮助普通民众加深对防护用品的了解, 从而降低对呼吸系统的危害。本书共分为7章, 简要介绍了人体呼吸系统和有毒气体, 通过8起典型的有毒气体事故案例证明了呼吸防护技术和装备对保护人体健康的重要性, 并进一步对呼吸防护的分类、技术和设备展开介绍。本书还阐释了常见呼吸防护装备的标准要求。
510 1  @aRespiratory protection guide@zeng
606 0  @a呼吸器@Ahu xi qi@j指南
690    @aTH789-62@v5
690    @aTH789@v4
701  0 @a李建华@Ali jian hua@4编著
801  0 @aCN@b人天书店@c20210916
905    @aZUCC@dTH789@e1
    
    呼吸防护指南/李建华编著.-北京:中国石化出版社,2021.08
    138页:图;24cm
    河北省高等学校科学技术研究项目资助 项目名称: “溶合润湿型火灾防护技术及防护装备研发”
    
    ISBN 978-7-5114-6382-1:CNY48.00
    本书旨帮助普通民众加深对防护用品的了解, 从而降低对呼吸系统的危害。本书共分为7章, 简要介绍了人体呼吸系统和有毒气体, 通过8起典型的有毒气体事故案例证明了呼吸防护技术和装备对保护人体健康的重要性, 并进一步对呼吸防护的分类、技术和设备展开介绍。本书还阐释了常见呼吸防护装备的标准要求。
●
相关链接 在五车中查询图书 在当当中查询图书 在豆瓣中查询图书


正题名:呼吸防护指南     索取号:TH789/1         预约/预借

序号 登录号 条形码 馆藏地/架位号 状态 备注
1 2000893068   2000893068   第三书库/ [索取号:TH789/1] 在馆    
2 2000893069   2000893069   第三书库/ [索取号:TH789/1] 在馆    
3 2000893070   2000893070   第三书库/ [索取号:TH789/1] 在馆    
山东省滨州职业学院图书馆 欢迎您!
大连网信软件有限公司© 版权所有